Statistiken für Alle FC Bayern Spieler, die unter Pep Guardiola spielten

Klicken Sie hier um das Quiz zu spielen!

Allgemein

  • Dieses Quiz wurde 302 mal gespielt
  • Das Durchschnittsergebnis liegt bei 23 aus 44

Antwortstatistiken

EinsätzeNationalitätSpieler% Korrekt
152DeutschlandManuel Neuer
98%
100PolenRobert Lewandowski
95%
148DeutschlandThomas Müller
95%
124ÖsterreichDavid Alaba
94%
97NiederlandeArjen Robben
92%
84FrankreichFranck Ribéry
91%
126DeutschlandPhilipp Lahm
87%
118DeutschlandJérôme Boateng
82%
80SpanienThiago
82%
48ChileArturo Vidal
80%
64DeutschlandBastian Schweinsteiger
78%
36DeutschlandJoshua Kimmich
77%
64SpanienJavi Martínez
75%
43PeruClaudio Pizarro
72%
88BrasilienDante
70%
35FrankreichKingsley Coman
69%
121BrasilienRafinha
68%
48KroatienMario Mandzukic
67%
3DeutschlandSven Ulreich
67%
79SpanienXabi Alonso
66%
43BrasilienDouglas Costa
64%
114DeutschlandMario Götze
60%
42SchweizXherdan Shaqiri
60%
46MarokkoMedhi Benatia
51%
51DeutschlandToni Kroos
51%
19BelgienDaniel Van Buyten
50%
76SpanienJuan Bernat
49%
23DänemarkPierre-Emile Höjbjerg
46%
25DeutschlandHolger Badstuber
40%
3SpanienPepe Reina
38%
3DeutschlandTom Starke
38%
52DeutschlandSebastian Rode
28%
2USAJulian Green
25%
11DeutschlandGianluca Gaudino
23%
13DeutschlandDiego Contento
22%
20DeutschlandMitchell Weiser
19%
1DeutschlandSinan Kurt
16%
3DeutschlandSerdar Tasci
14%
12DeutschlandJan Kirchhoff
12%
1SerbienMilos Pantovic
9%
3DeutschlandLukas Raeder
5%
1DeutschlandLukas Görtler
4%
1DeutschlandRico Strieder
3%
1ÖsterreichYlli Sallahi
2%

Verteilung der Resultate

Perzentil nach korrekt beantworteten Fragen

Anzahl Personen mit jedem Resultat

Ihre Resultats-Entwicklung

Sie haben dieses Quiz noch nicht gespielt